| Поле | Название | Значение |
| |
Тип записи |
m |
| |
Библиографический уровень |
m |
| 001 |
Контрольный номер |
d803633c2aa646068c5a5d24da9ccd74 |
| 005 |
Дата корректировки |
20260619155045.9 |
| 040 |
Источник каталогиз. |
__ |
| b |
Код языка каталог. |
rus |
| e |
Правила каталог. |
PSBO |
| 041 |
Код языка издания |
0_ |
| a |
Код языка текста |
rus |
| 080 |
Индекс УДК |
__ |
| a |
Индекс УДК |
796.41(072) |
| 090 |
Шифры |
__ |
| c |
Каталожный индекс |
796.41(072) |
| x |
Авторский знак |
А 441 |
| 100 |
Автор |
1_ |
| a |
Автор |
Акулова А.И. |
| 245 |
Заглавие |
10 |
| a |
Заглавие |
Хореографическая подготовка на занятиях по гимнастике |
| b |
Продолж. заглавия |
учебно-методическое пособие |
| c |
Ответственность |
Министерство спорта Российской Федерации |
| c |
Ответственность |
Воронежская государственная академия спорта, Кафедра сложнокоординационных и прикладных видов спорта |
| 256 |
Характеристики компьютерного файла |
__ |
| a |
Характеристики компьютерного файла |
Электрон. текстовые дан. (1 файл : 1,77 МБ) |
| 260 |
Выходные данные |
__ |
| a |
Место издания |
Воронеж |
| b |
Издательство |
ВГАС |
| c |
Дата издания |
2025 |
| 300 |
Физическое описание |
__ |
| a |
Объем |
Электрон. дан. (1 файл) |
| 336 |
Вид содержания |
__ |
| a |
Термин вида содержания |
Текст |
| 337 |
Средство доступа |
__ |
| a |
Термин типа средства |
электронный |
| 500 |
Примечания |
__ |
| a |
Примечание |
Режим доступа: Электронный каталог библиотеки. - Загл. с титула экрана. - Электрон. копия печ. версии |
| 504 |
Библиография |
__ |
| a |
Библиография |
Библиогр.: с. 57–58 |
| 520 |
Аннотация |
0_ |
| a |
Аннотация |
Учебно-методическое пособие составлено применительно к предмету «Теория и методика избранного вида спорта (гимнастика)» подготовки бакалавров по направлению подготовки 49.03.04 «Спорт». В учебно-методическом пособии авторы рассматривают особенности обучения хореографическим элементам классического и джазового танца в процессе спортивной подготовки гимнастов, соотносят хореографические и гимнастические термины. Комплексы хореографических элементов (с иллюстрациями), представленные в учебно-методическом пособии, разработаны с учетом поставленных задач, возраста и уровня физической подготовленности занимающихся. Пособие направлено на повышение качества подготовки специалистов по физической культуре и спорту и предназначено для студентов специализированных вузов. |
| 650 |
Тематические рубрики |
04 |
| a |
Предметная рубрика |
ФИЗКУЛЬТУРА И СПОРТ |
| 650 |
Тематические рубрики |
04 |
| a |
Предметная рубрика |
ЭЛЕКТРОННАЯ БИБЛИОТЕКА |
| 653 |
Ключевые слова |
1_ |
| a |
Ключевые слова |
ГИМНАСТИКА; ХОРЕОГРАФИЧЕСКАЯ ПОДГОТОВКА |
| 700 |
Другие авторы |
12 |
| a |
Другие авторы |
Веряскина И.А. |
| 900 |
Макрообъекты |
__ |
| a |
Имя макрообъекта |
Хореографическая подготовка на занятиях по гимнастике (020842) |
| 901 |
Тип документа |
__ |
| t |
Тип документа |
m |
| 952 |
Тип литературы |
__ |
| a |
Тип литературы для КСУ ВШ |
ЭКУМ |
| 999 |
Фонд |
__ |
| a |
Фонд |
Книгообмен 2026 ЭР |